تحميل...
Writing english
| المؤلف الرئيسي: | |
|---|---|
| التنسيق: | Printed Book |
| اللغة: | English |
| الموضوعات: |
| LEADER | 00331nam a2200109Ia 4500 | ||
|---|---|---|---|
| 008 | 101008s9999 xx 000 0 eng d | ||
| 100 | |a Ross, Janet | ||
| 245 | |a Writing english | ||
| 650 | |a Language Teaching | ||
| 942 | |c BK | ||
| 999 | |c 182331 |d 182331 | ||
| 952 | |0 0 |1 0 |4 0 |7 0 |9 201624 |a EDU |b EDU |c ST1 |d 2010-10-20 |i 3889 |l 0 |p EDU3889 |r 2018-08-29 |w 2018-08-29 |y BK | ||